La paradoja de la agricultura cubana: reflexiones agroecológicas sobre la base de una visita reciente a Cuba /

Gardado en:
Detalles Bibliográficos
Autor Principal: Altieri, Miguel A.
Formato: Texto
Etiquetas: Engadir etiqueta
Sen Etiquetas, Sexa o primeiro en etiquetar este rexistro!

MARC

LEADER 00000 a a2200000 04500
001 42348
003
040
100 |a Altieri, Miguel A.  
245 |a La paradoja de la agricultura cubana:   |b reflexiones agroecológicas sobre la base de una visita reciente a Cuba /  |c Miguel A. Altieri  
773 |g número55 ( , 2010), páginas 1-7  
999 |c 29106  |d 29106